[Event "84th ESP-ch 2019"]
[Site "Marbella"]
[Date "2019.11.18"]
[Round "3.27"]
[White "Garcia De Blas, Esteban"]
[Black "Guerra Rivera, Salvador"]
[Result "0-1"]
[WhiteElo "2031"]
[BlackElo "2334"]
[Annotator "ChessBase"]
[PlyCount "118"]
[EventDate "2019.11.16"]
[EventType "swiss"]
[EventCountry "ESP"]
[SourceTitle "playchess.com"]
[Source "ChessBase"]
[SourceQuality "1"]
[TimeControl "5400+30"]

1. e4 {[%emt 0:00:29]} e5 {[%emt 0:00:07]} 2. Nf3 {[%emt 0:00:33]} d6 {[%emt 0:00:41]} 3. d4 {[%emt 0:00:38]} exd4 {[%emt 0:00:07]} 4. Nxd4 {[%emt 0:00:44]} Nf6 {[%emt 0:00:06]} 5. Nc3 {[%emt 0:00:09]} Be7 {[%emt 0:00:09]} 6. Be2 {[%emt 0:05:05]} O-O {[%emt 0:00:27]} 7. Be3 {[%emt 0:02:49]} Re8 {[%emt 0:01:43]} 8. Qd2 {[%emt 0:01:27]} Bf8 {[%emt 0:01:17]} 9. Bg5 {[%emt 0:03:55]} h6 {[%emt 0:13:12]} 10. Bxf6 {[%emt 0:00:20]} Qxf6 {[%emt 0:00:09]} 11. O-O {[%emt 0:02:16]} c6 {[%emt 0:04:37]} 12. a4 {[%emt 0:02:57]} a5 {[%emt 0:02:09]} 13. Kh1 {[%emt 0:08:56]} Nd7 {[%emt 0:08:35]} 14. Nb3 {[%emt 0:02:54]} Qh4 {[%emt 0:09:31]} 15. g3 {[%emt 0:05:46]} Qd8 {[%emt 0:07:20]} 16. f4 {[%emt 0:01:31]} Nf6 {[%emt 0:01:39]} 17. Bf3 {[%emt 0:00:20]} Qb6 {[%emt 0:01:13]} 18. Qf2 {[%emt 0:03:38]} Qc7 {[%emt 0:02:44]} 19. Rfe1 {[%emt 0:03:34]} g6 {[%emt 0:07:00]} 20. Qd4 {[%emt 0:15:27]} Bg7 {[%emt 0:03:26]} 21. Rad1 {[%emt 0:11:59]} Ng4 {[%emt 0:11:01]} 22. Qd2 {[%emt 0:05:10]} Qb6 {[%emt 0:00:53]} 23. Re2 {[%emt 0:00:59]} h5 {[%emt 0:02:34]} 24. h3 {[%emt 0:03:09]} Nh6 {[%emt 0:00:48]} 25. Kg2 {[%emt 0:02:50]} Be6 {[%emt 0:00:17]} 26. Nd4 {[%emt 0:05:20]} Bd7 {[%emt 0:03:03]} 27. Nb3 {[%emt 0:00:31]} Rad8 {[%emt 0:00:37]} 28. Rb1 {[%emt 0:04:26]} Be6 {[%emt 0:02:02]} 29. Nc1 {[%emt 0:01:08]} Qc7 {[%emt 0:02:41]} 30. Nd3 {[%emt 0:00:42]} Qc8 {[%emt 0:00:21]} 31. Rh1 {[%emt 0:00:22]} f5 {[%emt 0:00:41]} 32. Qe1 {[%emt 0:01:18]} d5 {[%emt 0:06:12]} 33. e5 {[%emt 0:00:30]} d4 {[%emt 0:01:23]} 34. Nb1 {[%emt 0:00:26]} b6 {[%emt 0:00:11]} 35. Nd2 {[%emt 0:00:22]} Kf7 {[%emt 0:00:29]} 36. b3 {[%emt 0:00:17]} Bf8 {[%emt 0:01:23]} 37. Qa1 {[%emt 0:00:30]} Qc7 {[%emt 0:00:58]} 38. Nb2 {[%emt 0:00:22]} Kg7 {[%emt 0:00:25]} 39. Rd1 {[%emt 0:00:11]} Nf7 {[%emt 0:02:20]} 40. Ndc4 {[%emt 0:00:49]} Bb4 {[%emt 0:00:39]} 41. Na3 {[%emt 0:01:32]} Bc3 {[%emt 0:01:19]} 42. Nb1 {[%emt 0:00:17]} Bb4 {[%emt 0:00:11]} 43. Nd3 {[%emt 0:00:10]} Be7 {[%emt 0:00:10]} 44. Nf2 {[%emt 0:00:07]} c5 {[%emt 0:02:04]} 45. Na3 {[%emt 0:00:05]} h4 {[%emt 0:00:08]} 46. g4 {[%emt 0:00:26]} g5 {[%emt 0:00:12]} 47. Nb5 {[%emt 0:01:16]} Qd7 {[%emt 0:00:17]} 48. Kh2 {[%emt 0:00:48]} gxf4 {[%emt 0:00:22]} 49. gxf5 {[%emt 0:00:24]} Bxf5 {[%emt 0:00:05]} 50. Qc1 {[%emt 0:00:09]} Bg5 {[%emt 0:00:57]} 51. Rg1 {[%emt 0:00:12]} Kh7 {[%emt 0:00:58]} 52. Nd3 Bh6 {[%emt 0:00:18]} 53. Qe1 {[%emt 0:02:01]} Ng5 {[%emt 0:00:21]} 54. Bh1 {[%emt 0:00:57]} f3 {[%emt 0:00:32]} 55. Rf2 {[%emt 0:01:20]} Bxd3 {[%emt 0:00:05]} 56. Rxg5 {[%emt 0:00:29]} Bxg5 {[%emt 0:00:09]} 57. cxd3 {[%emt 0:00:19]} Bf4+ {[%emt 0:00:03]} 58. Kg1 {[%emt 0:00:05]} Rg8+ {[%emt 0:00:10]} 59. Kf1 {[%emt 0:00:06]} Qxh3+ {[%emt 0:00:06]} 0-1

[Event "84th ESP-ch 2019"]
[Site "Marbella"]
[Date "2019.11.18"]
[Round "3.28"]
[White "Gutierrez Curras, Daniel"]
[Black "Rahal, Michael A"]
[Result "0-1"]
[WhiteElo "2025"]
[BlackElo "2309"]
[Annotator "TA"]
[PlyCount "76"]
[EventDate "2019.11.16"]
[EventType "swiss"]
[EventCountry "ESP"]
[SourceTitle "playchess.com"]
[Source "ChessBase"]
[SourceQuality "1"]

{[%evp 14,76,17,16,29,16,29,14,7,9,6,0,7,8,29,29,29,10,23,0,6,-59,-39,-81,-82,-84,-88,-76,-87,-285,-279,-330,-250,-275,-269,-246,-264,-504,-338,-341,-325,-356,-308,-372,-354,-354,-334,-477,-464,-579,-577,-574,-552,-599,-594,-594,-595,-652,-648,-781,-779,-1054,-1014,-699,-623]} 1. d4 Nf6 2. c4 e6 3. Nf3 Bb4+ 4. Bd2 Qe7 5. a3 Bxd2+ 6. Qxd2 O-O 7. Nc3 d6 8. g3 Nc6 {E11: Bogo-Indian} (8... e5 9. Bg2 Bg4 10. O-O Nc6 11. e3 Rfe8 12. h3 Bxf3 13. Bxf3 exd4 14. exd4 Qe6 15. d5 Ne5 16. Kg2 Nxf3 17. Qf4 Ne1+ 18. Rfxe1 Qxe1 19. Rxe1 Rxe1 {½-½ (31) Kanarek,M (2467)-Jakubiec,A (2534) Krakow 2011}) 9. e3 a5 $146 ({Predecessor:} 9... e5 10. d5 Nb8 11. e4 a5 12. Qc2 Na6 13. Rb1 c6 14. h3 cxd5 15. cxd5 Bd7 16. Bc4 {0-1 (45) Guenther,T (2141)-Bracker,F (2264) Dresden 2008}) 10. Qc2 e5 {The position is equal.} 11. d5 Nb8 12. Bg2 Na6 13. O-O c6 14. Nd2 Bd7 15. Rae1 cxd5 16. f4 Rac8 17. cxd5 ({White should try} 17. Bxd5 $11 Be6 18. fxe5 dxe5 19. Nde4) 17... b5 $15 {[#] Threatens to win with ...b4.} 18. Qd3 Nc5 $36 {[%mdl 2048] Black is on the roll.} 19. Qb1 b4 20. axb4 axb4 21. Ne2 $2 (21. Nce4 $17 {is a better defense.}) 21... Bb5 $19 22. fxe5 Qxe5 23. Nd4 Bxf1 24. Nxf1 Nxd5 25. Qf5 $2 (25. Nd2) 25... Ne7 26. Qf3 Ne6 27. Rd1 Rfe8 28. h4 Nxd4 29. exd4 Qf5 30. Qxf5 (30. Ne3 $142 Qxf3 31. Bxf3) 30... Nxf5 {Black is clearly winning.} 31. Bh3 g6 32. Rd2 Rc4 33. Bxf5 gxf5 {KRR-KRN} 34. Kf2 {[#]} f4 $1 35. gxf4 Re4 36. Ng3 Rexd4 37. Rxd4 Rxd4 38. Ke3 Rc4 {Accuracy: White = 23%, Black = 67%.} 0-1

[Event "84th ESP-ch 2019"]
[Site "Marbella"]
[Date "2019.11.18"]
[Round "3.29"]
[White "Martin Carmona, Gaston Manuel"]
[Black "Boutahar Belgasi, Tarik"]
[Result "1/2-1/2"]
[WhiteElo "2304"]
[BlackElo "2027"]
[Annotator "TA"]
[PlyCount "229"]
[EventDate "2019.11.16"]
[EventType "swiss"]
[EventCountry "ESP"]
[SourceTitle "playchess.com"]
[Source "ChessBase"]
[SourceQuality "1"]

{[%evp 27,228,25,1,0,94,82,112,104,128,129,127,127,127,127,124,123,123,124,127,140,123,134,178,194,293,282,287,214,220,173,254,251,247,0,0,0,0,-51,-62,-109,-98,-112,-80,-78,-4,-4,0,-8,-8,-251,-251,-302,-312,-281,-205,-205,-8,-37,-18,-49,-8,-8,-8,-8,-8,-8,0,0,0,0,0,0,0,0,8,0,0,0,0,0,0,0,0,0,0,0,0,0,0,0,0,0,0,0,0,-8,0,0,0,0,0,0,0,0,24,24,24,20,24,24,24,24,24,24,24,24,24,20,24,24,24,24,24,24,24,24,24,24,24,24,24,20,20,0,24,0,18,0,24,24,24,24,24,24,24,24,24,24,24,24,24,24,24,24,24,24,24,24,24,24,24,24,24,24,24,24,24,24,24,24,24,24,24,24,24,24,24,24,24,24,24,24,24,24,24,24,24,24,24,24,24,24,24,24,24,24,24,24,32,32,32,32,32]} 1. e4 c5 2. Nf3 d6 3. d4 cxd4 4. Nxd4 Nf6 5. Nc3 g6 6. Be3 Bg7 7. f3 Nc6 8. Qd2 O-O 9. Bc4 Bd7 10. h4 Rc8 11. Bb3 h5 12. O-O-O Ne5 13. Bg5 Nc4 14. Bxc4 Rxc4 15. Nb3 {B78: Sicilian Dragon: Yugoslav Attack, 9 Bc4 Bd7 10 0-0-0 Rc8} Rxc3 (15... Be6 $11) (15... Be6 16. e5 Nh7 17. Bh6 Bxe5 18. Bxf8 Qxf8 19. Kb1 Qg7 20. Nd5 Bxb2 21. Nxe7+ Kh8 22. Qxd6 Nf6 {1-0 (35) Vykouk,J (2453)-Berdnyk,M (2247) Pardubice 2019}) 16. bxc3 $16 {[%cal Bb2c3,Bc3c4][%mdl 32]} Be6 $146 {[#]} ({Predecessor:} 16... Ba4 17. e5 Nh7 18. exd6 Nxg5 19. Qxg5 Bf6 20. Qa5 Bxb3 21. Qxd8 Rxd8 22. dxe7 Rxd1+ 23. Rxd1 {1-0 (43) Hvistendahl,R (1705)-Moylan,L (2103) Canberra 2006}) 17. e5 $1 {[%cal Re5f6] White is better.} Nd5 18. c4 Nb6 19. exd6 Qxd6 20. Qxd6 exd6 21. Rxd6 Nxc4 22. Rd8 Rxd8 23. Bxd8 b6 24. Bg5 Na3 25. Rd1 a5 (25... Be5 $142 26. Rd8+ Kg7) 26. Rd8+ $18 Kh7 27. Be7 Nb5 28. Rb8 Nc3 (28... a4 $142) 29. Rxb6 a4 30. Nd2 $2 (30. Nc5 $18 Bxa2 31. Ne4) 30... Nxa2+ $11 31. Kd1 {[#] Strongly threatening Ne4.} Nc3+ 32. Ke1 (32. Kc1 $1 $11) 32... Nd5 $1 $15 {[%csl LRb6,LRe7]} 33. Ra6 {Black must now prevent Bc5.} Nxe7 34. Rxa4 Nf5 35. Ne4 Ne3 ({Black should play} 35... Kh6 $17 36. Nc5 Bc8) 36. Ng5+ $11 Kg8 37. Nxe6 fxe6 38. Kd2 $2 (38. Ke2 $11 {and White has nothing to worry.} Nxc2 39. Kd3 Ne1+ 40. Ke2) 38... Nxg2 $19 39. Re4 Kf7 40. c4 Ke7 41. c5 e5 $2 ({Black should try} 41... Kd7 $19 {Hoping for ...Nf4!} 42. Kd3 Bf6) 42. Ra4 {And now Ra7+ would win.} Bh6+ 43. Kd3 Kd7 44. Ke4 Bf4 45. Ra6 Nxh4 46. Kd5 Nxf3 {With the idea ...Nd4.} 47. Rxg6 h4 48. Rg7+ Kc8 {...h3 is the strong threat.} 49. Rh7 Nd4 50. Rxh4 Kd7 51. Rh7+ Kc8 52. Kd6 Nb5+ 53. Kc6 $1 {[%cal Rh7h8]} Nd4+ 54. Kd5 Kd8 55. Rf7 Ke8 56. Rb7 Kd8 57. Rb1 Kc7 58. Rh1 Kd7 59. Rh7+ Kd8 60. Rh8+ Kd7 61. Rh3 Kc7 62. Ra3 Kd7 63. Ra7+ Kd8 64. Rg7 Kc8 65. c6 Nxc6 66. Kxc6 $11 {[%cal Rg7g8][%mdl 4096] Endgame KR-KB} Kd8 67. Rd7+ Kc8 68. Rd3 Kb8 69. Ra3 Bh2 70. Rb3+ Ka8 71. Kc7 {[%cal Rb3a3]} e4+ 72. Kc8 {[%cal Rb3a3]} Bg1 73. Ra3+ Ba7 74. Ra2 e3 75. Re2 Bb6 76. Re1 Ba7 77. Kc7 $1 Bd4 78. Re2 Be5+ 79. Kc8 {[%cal Re2a2]} Bd4 80. Kc7 Be5+ 81. Kc8 {[%cal Re2a2]} Bd4 82. Ra2+ Ba7 83. Kc7 e2 84. Rxe2 Bb8+ 85. Kc8 Ba7 86. Rb2 Bd4 87. Rb8+ Ka7 88. Rb4 Be5 89. Re4 (89. Rb1 {is interesting.} Ka6 90. Kd7 Bf4 91. Kc6 Ka7 92. Rf1) 89... Bg3 90. Rg4 Be5 91. Rb4 (91. Kd7 {feels hotter.} Kb6 92. Ke6 Bc3 93. Rg3 Ba5 94. Kd5) 91... Bg3 92. Rb7+ Ka6 93. Rb3 Bf4 94. Kd7 Ka7 95. Kc6 Bh2 96. Ra3+ Kb8 97. Rh3 Bf4 98. Rb3+ Ka7 99. Rb7+ Ka8 100. Rf7 Bg3 101. Kb6 Be5 102. Re7 Bf4 103. Re4 Bg3 104. Rg4 Be5 105. Ra4+ Kb8 106. Re4 Bc7+ 107. Kc6 {Re8+ would kill now.} Bg3 108. Rg4 Bf2 109. Rb4+ Ka8 110. Rb3 Bg1 111. Kc7 Bd4 112. Rb4 Bg1 113. Rh4 {White is slightly better.} Bf2 114. Ra4+ Ba7 115. Ra2 {Accuracy: White = 64%, Black = 57%.} 1/2-1/2

[Event "84th ESP-ch 2019"]
[Site "Marbella"]
[Date "2019.11.18"]
[Round "3.30"]
[White "Ruiz Bellon, Manuel"]
[Black "Zurano Lopez, Pedro"]
[Result "0-1"]
[WhiteElo "1994"]
[BlackElo "2292"]
[Annotator "RC"]
[PlyCount "72"]
[EventDate "2019.11.16"]
[EventType "swiss"]
[EventCountry "ESP"]
[SourceTitle "playchess.com"]
[Source "ChessBase"]
[SourceQuality "1"]
[TimeControl "5400+30"]

1. e4 {[%emt 0:00:00]} c6 {[%emt 0:00:14]} 2. d4 {[%emt 0:00:09]} d5 {[%emt 0:00:05]} 3. Nd2 {[%emt 0:00:06]} g6 {[%emt 0:00:39]} 4. Ngf3 {[%emt 0:02:12]} Bg7 {[%emt 0:01:50]} 5. c3 {[%emt 0:00:38]} dxe4 {[%emt 0:00:31]} 6. Nxe4 {[%emt 0:00:18]} Nd7 {[%emt 0:00:04]} 7. Bc4 {[%emt 0:05:28]} Ngf6 {[%emt 0:01:17]} 8. Bxf7+ {[%emt 0:22:30]} Kxf7 {[%emt 0:00:27]} 9. Neg5+ {[%emt 0:00:09]} Kg8 {[%emt 0:00:31]} 10. Ne6 {[%emt 0:01:13]} Qa5 {[%emt 0:04:58]} 11. Qe2 {[%emt 0:02:12]} Nd5 {[%emt 0:16:27]} 12. Nxg7 {[%emt 0:11:52]} Kxg7 {[%emt 0:00:34]} 13. O-O {[%emt 0:00:36]} b5 {[%emt 0:07:32]} 14. Bd2 {[%emt 0:09:10]} Qc7 {[%emt 0:04:44]} 15. b3 {[%emt 0:00:28]} Re8 {[%emt 0:08:28]} 16. Rfe1 {[%emt 0:02:35]} Nf8 {[%emt 0:08:28]} 17. Ne5 {[%emt 0:02:12]} Be6 {[%emt 0:01:29]} 18. c4 {[%emt 0:01:05]} bxc4 {[%emt 0:00:18]} 19. bxc4 {[%emt 0:00:09]} Nf6 {[%emt 0:00:44]} 20. h3 {[%emt 0:06:30]} Rad8 {[%emt 0:02:54]} 21. Bc3 {[%emt 0:03:04]} Kg8 {[%emt 0:05:11]} 22. Qf3 {[%emt 0:01:06]} Rc8 {[%emt 0:00:12]} 23. Rac1 {[%emt 0:04:11]} N6d7 {[%emt 0:10:51]} 24. Nxc6 {[%emt 0:07:00]} Qxc6 {[%emt 0:00:26]} 25. d5 {[%emt 0:00:02]} Qa8 {[%emt 0:00:44]} 26. Qe3 {[%emt 0:02:07]} Bf7 {[%emt 0:04:00]} 27. Qh6 {[%emt 0:00:34]} Nf6 {[%emt 0:01:27]} 28. Bb2 {[%emt 0:08:50]} N8d7 {[%emt 0:02:39]} 29. g4 {[%emt 0:00:32]} Bxd5 {[%emt 0:02:49]} 30. cxd5 {[%emt 0:01:04]} Rxc1 {[%emt 0:00:38]} 31. Rxc1 {[%emt 0:00:06]} Qxd5 {[%emt 0:00:50]} 32. Re1 {[%emt 0:04:16]} Qxa2 {[%emt 0:01:03]} 33. Re2 {[%emt 0:00:11]} Qf7 {[%emt 0:04:17]} 34. Re3 {[%emt 0:01:24]} Rb8 {[%emt 0:01:12]} 35. Ba3 {[%emt 0:01:27]} Rb1+ {[%emt 0:00:57]} 36. Kh2 {[%emt 0:00:07]} Nd5 {[%emt 0:00:27]} 0-1

[Event "84th ESP-ch 2019"]
[Site "Marbella"]
[Date "2019.11.18"]
[Round "3.31"]
[White "Medarde Santiago, Luis Marcos"]
[Black "Sosa Suarez, Carla Cristina"]
[Result "0-1"]
[WhiteElo "2285"]
[BlackElo "2022"]
[Annotator "RC"]
[PlyCount "132"]
[EventDate "2019.11.16"]
[EventType "swiss"]
[EventCountry "ESP"]
[SourceTitle "playchess.com"]
[Source "ChessBase"]
[SourceQuality "1"]
[TimeControl "5400+30"]

1. e4 {[%emt 0:03:56]} e6 {[%emt 0:00:00]} 2. d4 {[%emt 0:00:06]} d5 {[%emt 0:00:00]} 3. Nc3 {[%emt 0:00:44]} Bb4 {[%emt 0:00:10]} 4. Nge2 {[%emt 0:04:03]} dxe4 {[%emt 0:00:51]} 5. a3 {[%emt 0:00:40]} Bxc3+ {[%emt 0:01:03]} 6. Nxc3 {[%emt 0:00:09]} Nc6 {[%emt 0:00:47]} 7. d5 {[%emt 0:12:30]} exd5 {[%emt 0:00:17]} 8. Qxd5 {[%emt 0:00:54]} Be6 {[%emt 0:05:13]} 9. Qxd8+ {[%emt 0:09:12]} Rxd8 {[%emt 0:00:07]} 10. Bg5 {[%emt 0:03:08]} f6 {[%emt 0:10:25]} 11. Bf4 {[%emt 0:00:14]} g5 {[%emt 0:14:42]} 12. Bxc7 {[%emt 0:08:14]} Rd7 {[%emt 0:00:05]} 13. Bg3 {[%emt 0:00:20]} f5 {[%emt 0:01:42]} 14. h4 {[%emt 0:04:50]} f4 {[%emt 0:01:40]} 15. Bh2 {[%emt 0:01:46]} h6 {[%emt 0:11:18]} 16. Nxe4 {[%emt 0:04:01]} Bf5 {[%emt 0:00:48]} 17. f3 {[%emt 0:13:12]} Bxe4 {[%emt 0:13:34]} 18. fxe4 {[%emt 0:00:08]} Nf6 {[%emt 0:00:11]} 19. Bd3 {[%emt 0:00:37]} Nxe4 {[%emt 0:03:49]} 20. O-O-O {[%emt 0:04:03]} Nf6 {[%emt 0:07:39]} 21. Bg1 {[%emt 0:02:24]} O-O {[%emt 0:04:58]} 22. Bc5 {[%emt 0:01:04]} Rfd8 {[%emt 0:01:50]} 23. hxg5 {[%emt 0:04:47]} hxg5 {[%emt 0:00:07]} 24. Rde1 {[%emt 0:00:03]} Kg7 {[%emt 0:01:53]} 25. b4 {[%emt 0:05:49]} b6 {[%emt 0:01:11]} 26. Bg1 {[%emt 0:02:04]} Re7 {[%emt 0:01:25]} 27. Bf2 {[%emt 0:01:21]} Ne5 {[%emt 0:05:44]} 28. Bf5 {[%emt 0:00:31]} Kf7 {[%emt 0:01:10]} 29. Re2 {[%emt 0:02:43]} Nc6 {[%emt 0:04:41]} 30. Rhe1 {[%emt 0:01:31]} Rxe2 {[%emt 0:00:05]} 31. Rxe2 {[%emt 0:00:01]} Rd6 {[%emt 0:03:05]} 32. Kb2 {[%emt 0:00:49]} Nd4 {[%emt 0:00:24]} 33. Bxd4 {[%emt 0:01:24]} Rxd4 {[%emt 0:00:01]} 34. c4 {[%emt 0:01:09]} Nh5 {[%emt 0:02:09]} 35. Kc3 {[%emt 0:04:34]} Rd8 {[%emt 0:01:23]} 36. Be6+ {[%emt 0:00:30]} Kf6 {[%emt 0:00:08]} 37. c5 {[%emt 0:01:09]} Ng3 {[%emt 0:00:39]} 38. Re1 {[%emt 0:01:35]} Re8 {[%emt 0:00:12]} 39. cxb6 {[%emt 0:02:42]} axb6 {[%emt 0:00:04]} 40. a4 {[%emt 0:00:26]} Rxe6 {[%emt 0:00:18]} 41. Ra1 {[%emt 0:00:26]} g4 {[%emt 0:01:48]} 42. a5 {[%emt 0:00:01]} bxa5 43. bxa5 {[%emt 0:00:01]} f3 {[%emt 0:00:40]} 44. gxf3 {[%emt 0:00:13]} gxf3 {[%emt 0:00:06]} 45. a6 {[%emt 0:00:27]} Re8 {[%emt 0:02:17]} 46. a7 {[%emt 0:01:42]} Ra8 {[%emt 0:00:26]} 47. Ra2 {[%emt 0:00:22]} Ne4+ {[%emt 0:01:02]} 48. Kd4 {[%emt 0:00:25]} f2 {[%emt 0:00:36]} 49. Ra6+ {[%emt 0:00:48]} Kf5 {[%emt 0:00:16]} 50. Ra5+ {[%emt 0:00:37]} Kf4 {[%emt 0:00:31]} 51. Ra1 {[%emt 0:00:32]} Kf3 {[%emt 0:00:37]} 52. Kd5 {[%emt 0:00:28]} Kg2 {[%emt 0:00:42]} 53. Kc6 {[%emt 0:00:31]} Rxa7 {[%emt 0:00:15]} 54. Rxa7 {[%emt 0:00:17]} f1=Q {[%emt 0:00:06]} 55. Rg7+ {[%emt 0:00:12]} Ng3 {[%emt 0:00:17]} 56. Rb7 {[%emt 0:00:54]} Qc4+ {[%emt 0:00:18]} 57. Kb6 {[%emt 0:00:23]} Ne4 {[%emt 0:00:31]} 58. Ka7 {[%emt 0:00:36]} Nd6 {[%emt 0:00:23]} 59. Rg7+ {[%emt 0:00:36]} Kf2 {[%emt 0:00:08]} 60. Kb8 {[%emt 0:00:34]} Qb4+ {[%emt 0:01:27]} 61. Ka8 {[%emt 0:00:29]} Ke3 {[%emt 0:00:53]} 62. Rg3+ {[%emt 0:00:22]} Kf4 {[%emt 0:00:17]} 63. Rg7 {[%emt 0:00:11]} Kf5 {[%emt 0:00:10]} 64. Rh7 {[%emt 0:00:52]} Kg6 {[%emt 0:00:35]} 65. Re7 {[%emt 0:00:27]} Qa5+ {[%emt 0:00:16]} 66. Kb8 {[%emt 0:00:21]} Qd8+ {[%emt 0:00:13]} 0-1

[Event "84th ESP-ch 2019"]
[Site "Marbella"]
[Date "2019.11.18"]
[Round "3.32"]
[White "Perez Guerra, Alberto"]
[Black "Hernando Rodrigo, Julio Antonio"]
[Result "1/2-1/2"]
[WhiteElo "1988"]
[BlackElo "2271"]
[Annotator "TA"]
[PlyCount "113"]
[EventDate "2019.11.16"]
[EventType "swiss"]
[EventCountry "ESP"]
[SourceTitle "playchess.com"]
[Source "ChessBase"]
[SourceQuality "1"]

{[%evp 19,113,1,16,6,31,20,61,0,21,0,0,-6,0,-54,0,0,0,10,31,0,0,0,0,-16,-4,-12,0,-42,-51,-57,-66,-47,-32,-92,-60,-42,0,0,35,0,29,32,23,32,52,0,0,0,0,0,0,0,0,0,0,0,0,0,0,0,0,0,0,0,91,83,97,8,10,16,22,10,174,174,174,174,174,174,614,596,1154,456,368,327,858,798,361,8,8,0,0,0,0,0,0,0]} 1. c4 c5 2. g3 g6 3. Bg2 Bg7 4. Nc3 Nc6 5. a3 d6 6. Rb1 a5 7. e3 e5 8. Nge2 Nge7 9. d3 O-O 10. O-O Rb8 11. e4 {A36: Symmetrical English vs ...g6: 4 Bg2 Bg7} (11. Nd5 Nxd5 12. cxd5 Ne7 13. b4 cxb4 14. axb4 b5 15. bxa5 Qxa5 16. Bd2 b4 17. Qb3 Bg4 18. Nc1 Rb6 19. Na2 Be2 {1-0 (57) Nakamura,H (2779)-Dominguez Perez,L (2739) Doha 2016}) 11... h6 12. f4 $146 ({Predecessor:} 12. Bd2 Bg4 13. f3 {½-½ (13) Adorjan,A (2565)-Kudrin,S (2485) New York 1985}) 12... Nd4 13. b4 {White is slightly better.} exf4 14. Nxf4 axb4 15. axb4 cxb4 16. Ncd5 (16. Rxb4 $11 b5 17. cxb5) 16... Nec6 (16... Nxd5 $15 17. Nxd5 b3) 17. Nxb4 $11 Nxb4 18. Rxb4 Qa5 19. Nd5 Be6 {...Bxd5 is the strong threat.} 20. Ra4 Qd8 $1 21. Nf4 Bd7 22. Ra2 b5 {[%cal Bb7b5,Bb5b4,Bb4b3][%mdl 32]} 23. Bb2 b4 24. Kh1 b3 25. Ra6 Bc8 26. Ra4 (26. Ra7 $15) 26... Be6 27. Qd2 Kh7 28. Ra7 Qc8 29. Qf2 Nc6 {White must now prevent ...Bxb2.} (29... Qc5 $5 {[%cal Rc5a7]} 30. Rfa1 (30. Nxe6 Nxe6 31. Qxc5 Nxc5 $15) 30... Kg8 $14) 30. Bxg7 Kxg7 31. Qb2+ Ne5 32. Ra3 (32. c5 $14 g5 33. Nxe6+ (33. cxd6 gxf4 34. Qxe5+ Kg8 $16) 33... Qxe6 34. Ra6) 32... g5 33. Nxe6+ fxe6 34. Rxb3 Rxf1+ 35. Bxf1 Qf8 {[%cal Rf8f1]} 36. Be2 Rxb3 37. Qxb3 Qf2 {( -> ...Qe1+)} 38. Qd1 Qe3 39. Qf1 g4 40. Kg2 $36 {[%mdl 2048] White has some pressure.} h5 41. Qf2 Qxf2+ (41... Qd2 $11 {keeps the balance.}) 42. Kxf2 {[%mdl 4096] Endgame KB-KN} Nc6 43. h3 (43. Bd1 $1 $16) 43... gxh3 44. Bxh5 Kf6 $1 45. Bg4 h2 $2 (45... Ne5 $11 46. Bxh3 Nxd3+ 47. Ke3 Nc5) 46. Kg2 $18 Nb4 47. Be2 ({Stronger than} 47. Kxh2 Nxd3 48. Kg2 Ke5 $11) 47... Ke5 48. Kxh2 Kd4 $2 {[#]} (48... Nc6 49. Kg2 Kf6) 49. g4 $1 {[%cal Rg4g5]} Ke3 50. Bf1 (50. g5 $142 Nc6 51. g6) 50... Kf4 51. Kh3 Nc6 $2 (51... Kg5 52. d4 Nc6) 52. Kh4 Ne5 {[#]} 53. Kh5 $2 (53. Bh3 $1 $18) 53... Nxg4 $11 {The position is equal.} 54. Bh3 Ne5 55. Bxe6 Nxd3 56. Kg6 Kxe4 57. Kf6 {Accuracy: White = 41%, Black = 48%.} 1/2-1/2

[Event "84th ESP-ch 2019"]
[Site "Marbella"]
[Date "2019.11.18"]
[Round "3.33"]
[White "Jimenez Ruano, Adrian"]
[Black "Sanjuan Garcia, Miguel"]
[Result "1-0"]
[WhiteElo "2269"]
[BlackElo "2021"]
[Annotator "RC"]
[PlyCount "63"]
[EventDate "2019.11.16"]
[EventType "swiss"]
[EventCountry "ESP"]
[SourceTitle "playchess.com"]
[Source "ChessBase"]
[SourceQuality "1"]
[TimeControl "5400+30"]

1. d4 {[%emt 0:00:00]} Nf6 {[%emt 0:00:00]} 2. c4 {[%emt 0:00:00]} c5 {[%emt 0:00:00]} 3. d5 {[%emt 0:00:08]} b5 {[%emt 0:00:00]} 4. cxb5 {[%emt 0:00:09]} a6 {[%emt 0:00:00]} 5. e3 {[%emt 0:00:12]} g6 {[%emt 0:00:03]} 6. Nc3 {[%emt 0:00:12]} Bg7 {[%emt 0:00:06]} 7. Nf3 {[%emt 0:00:11]} O-O {[%emt 0:00:14]} 8. a4 {[%emt 0:00:30]} Bb7 {[%emt 0:00:31]} 9. Be2 {[%emt 0:01:56]} e6 {[%emt 0:02:31]} 10. e4 {[%emt 0:00:25]} exd5 {[%emt 0:03:53]} 11. exd5 {[%emt 0:00:46]} axb5 {[%emt 0:00:16]} 12. Bxb5 {[%emt 0:00:09]} Re8+ {[%emt 0:00:10]} 13. Be3 {[%emt 0:00:12]} Ng4 {[%emt 0:02:52]} 14. O-O {[%emt 0:00:06]} Rxe3 {[%emt 0:03:06]} 15. fxe3 {[%emt 0:00:05]} Nxe3 {[%emt 0:00:06]} 16. Qd2 {[%emt 0:00:21]} Nxf1 {[%emt 0:00:05]} 17. Rxf1 {[%emt 0:00:16]} h6 {[%emt 0:10:01]} 18. Kh1 {[%emt 0:42:18]} d6 {[%emt 0:02:15]} 19. Qf4 {[%emt 0:04:19]} Na6 {[%emt 0:39:06]} 20. Ng5 {[%emt 0:11:26]} Qf6 {[%emt 0:07:29]} 21. Qxf6 {[%emt 0:02:17]} Bxf6 {[%emt 0:00:20]} 22. Rxf6 {[%emt 0:01:32]} hxg5 {[%emt 0:00:01]} 23. Rxd6 {[%emt 0:00:19]} Nb4 {[%emt 0:01:46]} 24. h3 {[%emt 0:07:15]} Kf8 {[%emt 0:00:20]} 25. Rd7 {[%emt 0:01:25]} Bc8 {[%emt 0:02:47]} 26. Rc7 {[%emt 0:01:18]} Na6 {[%emt 0:02:06]} 27. Rxc8+ {[%emt 0:02:16]} Rxc8 {[%emt 0:00:01]} 28. Bxa6 {[%emt 0:00:10]} Rb8 {[%emt 0:00:25]} 29. Bb5 {[%emt 0:00:47]} Ke7 {[%emt 0:00:14]} 30. a5 {[%emt 0:04:00]} Kd6 {[%emt 0:00:48]} 31. a6 {[%emt 0:00:04]} Kc7 {[%emt 0:00:31]} 32. a7 {[%emt 0:00:14]} 1-0